00274nam a2200097 45000820008000002450061000082600067000693000011001369420012001479990017001590 a37411aHandbook for adult learning materials at community level aTokyobAsia/ Pacific Cultural Centre for UNESCO (ACCU)cc.2001 a116 p. 2ddccBK c64484d64458